BETTER SPEECHES MADE EASY (Record no. 3629)
[ view plain ]
| 000 -LEADER | |
|---|---|
| fixed length control field | 00263nam a22001217a 4500 |
| 082 ## - DEWEY DECIMAL CLASSIFICATION NUMBER | |
| Classification number | 825 |
| Item number | THA/B |
| 100 ## - MAIN ENTRY--AUTHOR NAME | |
| Personal name | THAMPSON,WALTER |
| 245 ## - TITLE STATEMENT | |
| Title | BETTER SPEECHES MADE EASY |
| 260 ## - PUBLICATION, DISTRIBUTION, ETC. (IMPRINT) | |
| Place of publication | DELHI |
| Name of publisher | GOYAL PUBLISHERS |
| 300 ## - PHYSICAL DESCRIPTION | |
| Number of Pages | 136 |
| 650 ## - SUBJECT ADDED ENTRY--TOPICAL TERM | |
| Topical Term | SPEECH |
| Geographic subdivision | DELHI |
| 942 ## - ADDED ENTRY ELEMENTS (KOHA) | |
| Koha item type | Books |
| Withdrawn status | Lost status | Collection code | Home library | Current library | Shelving location | Date acquired | Source of acquisition | Full call number | Accession Number | Koha item type |
|---|---|---|---|---|---|---|---|---|---|---|
| Reference | Main Library | Main Library | SHELF-16B -ENGLISH SPEECHES,ESSAYS,QUOTES | 02/10/2006 | PURCHASE | 825 THA/B | 02087 | Books |